000 00609nam a22001937a 4500
005 20140505102009.0
010 _aENG-109612
020 _c140.00
_a9788189941635
035 _aEN-93145
037 _bDBAD/PUB
082 _a571.4
100 _aArumugam, N.
245 _aBiophysics and bioinstrumentation /
_cby N. Arumugum [and] V. Kumaresan
260 _bSaras Publication
_c2013
_aNagercoil
270 _bNagercoil
_e629002
_a114/35G, A. R. P. Camp Road, Periavilai, Kottar P. O.,
300 _ax,416p.
_c22cm(pbk)
700 _aKumaresan, V.
942 _2ddc
_cEN
_mARU
_h571.4
999 _c83151
_d83151